000
00367nam a22001577a 4500
003
MPLRDC
005
20220104125202.0
008
210129b ||||| |||| 00| 0 eng d
082
_a
857.9 CQY-43 v.1
100
_a
陈青云
245
_a
血榜. 上
_c
260
_a
_b
作家出版社
_c
300
_b
平
650
_a
武侠小说
942
_c
BK
_o
857.9 CQY-43 v.1
999
_c
25347
_d
25337